Movies Quiz

Random Movies or Actress Quiz

Top 10 Box Office Stars (2010s) Quiz Stats

Quiz not verified by Sporcle

Challenge
Share
Tweet
Embed
Score 0/40 Timer 05:00
0 Plays Today
Hint Answer % Correct
2010Robert Downey, Jr.
81.3%
2012Robert Downey, Jr.
81.3%
2013Robert Downey, Jr.
81.3%
2012Jennifer Lawrence
75.4%
2013Jennifer Lawrence
75.4%
2010Leonardo DiCaprio
73.2%
2012Will Smith
71.2%
2012Christian Bale
70.8%
2010Johnny Depp
70.2%
2011Johnny Depp
70.2%
2010Jaden Smith
66.1%
2013Chris Hemsworth
56.5%
2011Bradley Cooper
54.9%
2013Sandra Bullock
54.6%
2010Daniel Radcliffe
48.7%
2011Daniel Radcliffe
48.7%
2010Kristin Stewart
43.8%
2011Kristin Stewart
43.8%
2012Kristin Stewart
43.8%
2011Dwayne Johnson
42.9%
Hint Answer % Correct
2013Dwayne Johnson
42.9%
2010Robert Pattinson
42.6%
2011Robert Pattinson
42.6%
2012Robert Pattinson
42.6%
2011Vin Diesel
41.1%
2013Vin Diesel
41.1%
2012Mark Wahlberg
39%
2012Daniel Craig
37.3%
2011Shia LaBeouf
37%
2011Paul Walker
32.5%
2013Paul Walker
32.5%
2013Steve Carell
30%
2012Taylor Lautner
26.2%
2010Jackie Chan
25%
2012Andrew Garfield
25%
2010Sam Worthington
21.4%
2011Ed Helms
16.6%
2013John Goodman
14.4%
2013Billy Crystal
11.5%
2010Mia Wasikowska
8.2%

You're not logged in!

Compare scores with friends on all Sporcle quizzes.
Join for Free
OR
Log In

You Might Also Like...

Show Comments

Extras

Top Quizzes Today


Score Distribution

Your Account Isn't Verified!

In order to create a playlist on Sporcle, you need to verify the email address you used during registration. Go to your Sporcle Settings to finish the process.

Report this User

Report this user for behavior that violates our Community Guidelines.

Details: